American-Style Pub Trivia Quiz Stats

 Plays Quiz Updated Jan 26, 2013

Challenge
Share
Tweet
Embed
Score 0/25 Timer 15:00
1 Play Today
Trivia Question Answer % Correct
In 2008, this golfer won his 14th major golf championship, placing him behind Jack Nicklaus. Name this golfer who has won each of the four major tournaments at least thrice.Tiger Woods
87.2%
Name the fast food chain that began in CA in 1948, and has only spread as far as AZ, UT, TX and NV. You can get the “double-double” there, the restaurant’s most popular item.In-N-Out Burger
47.8%
Along with Super Mario Brothers, what was the other game that came with the late 80's release of the Nintendo Entertainment System (NES) that needed the gun?Duck Hunt
43.5%
Name the entity, studied by Stephen Hawking, that can be described by its Schwarzschild Radius and is thought to form when something exceeds its Chandrasekhar limit. black hole
42.1%
What persona does Westley take on in the Princess Bride after his disappearance?Dread Pirate Roberts
41.7%
Name the Disney Channel show from 2000-03 which featured Shia LaBeouf and Christy Carlson Romano as warring siblings Louis and Ren. Even Stevens
40.7%
What 1906 Jack London novel features a wolf-hybrid that begins in the wild, ends up in an Indian camp, is enslaved by a dog-fighter, and is eventually freed by Judge Wheedon Scott?White Fang
39.5%
What North American bird, Cyanocitta cristata, is the official bird of Prince Edward Island, and the namesake of the sports teams for Creighton University and Johns Hopkins?blue jay
34.6%
Name the ice cream company, founded in 1866 in the Philadelphia area, whose logo features a type of leaf that is a homophone of the company's name.Breyers Ice Cream
33.6%
What Beatles’ song, off Sergeant Pepper’s Lonely Hearts Club Band, begins with the lyrics, “I read the news today, oh boy” and then has a major tempo change mid-song?A Day in the Life
32%
This US state, the 18th largest in the country, was the first to have two female senators and a female governor concurrently. It is one of 4 states to border two other states. State of Washington
31.7%
Before 2008, only twice was a sitting senator elected to the presidency. One was Warren Harding, a Republican. Name the Democrat who also shares this distinction.John F. Kennedy
31.4%
What is the 6-letter word for a place where rabbits live in the wild or are kept or bred?warren
30.9%
Trivia Question Answer % Correct
What Norman Bridwell series featured the runt of a litter, who blossoms in the loving hands of Emily Elizabeth Howard? John Ritter voiced the title dog on TV.Clifford the Big Red Dog
22.9%
After a miserable showing in just one year as an MLB expansion team in 1969, the Seattle Pilots were moved to their new home in County Stadium, with what new name?Milwaukee Brewers
21.1%
Name the 4th fundamental interaction of nature other than electromagnetism, the weak interaction, and gravitation.strong interaction
20%
What island, the second largest of the US Virgin Islands, is home to the capital city of Charlotte Amalie?St. Thomas
19.8%
What defunct Chicago-based department store chain was eventually acquired by Federated Department Stores? In 2006, its last remaining outlets were converted to Macy’s.Marshall Field's
18.3%
There are two different synonyms for a hot dog that are both derived from the names of European cities. Name them both.frankfurter and wiener
18.2%
Name the largest piece of exposed granite in the world, sitting near Atlanta. It has a bas-relief on its north face featuring Stonewall Jackson, Robert E Lee, and Jefferson Davis. Stone Mountain
18.1%
Name the movie that features John Houseman as a quintessential hard-ass Harvard Law professor named Kingsfield. It earned him an Oscar for Best Supporting Actor in 1973. The Paper Chase
16.4%
What series of movies, based on the Michael Ende novel, features Barret Oliver, Jonathan Brandis, and Jason James Richter playing the lead role of Bastian Bux? The Neverending Story
9.5%
Name this native of Great Neck, NY who, after landing 7 triple jumps in the long program, vaulted from 4th to a gold medal in women’s figure skating at the 2002 Winter Olympics.Sarah Hughes
9.5%
What Massachusetts college graduated Thomas Friedman, Tyne Daly, Debra Messing, Gates McFadden, and Jack Abramoff?Brandeis University
8.2%
What is the hidden theme within the answers?US Supreme Court Justices
5.4%

You're not logged in!

Compare scores with friends on all Sporcle quizzes.
Join for Free
OR
Log In

You Might Also Like...

Show Comments

Extras

Top Quizzes Today


Score Distribution

Your Account Isn't Verified!

In order to create a playlist on Sporcle, you need to verify the email address you used during registration. Go to your Sporcle Settings to finish the process.

Report this User

Report this user for behavior that violates our Community Guidelines.

Details: